Joueurs français passés par Manchester United - Statistiques

Statistiques générales
  • Ce quiz a été pris 1 254 fois
    243 depuis la dernière actualisation
  • Le résultat moyen est 8 sur 15
Statistiques - réponses
Année Matchs Nom % Correct
2016-2022 233 Paul Pogba
92%
2015-2022 317 Anthony Martial
88%
1992-1997 181 Eric Cantona
88%
2006-2014 377 Patrice Evra
87%
2024- 33 Leny Yoro
78%
2000-2004 139 Fabien Barthez
68%
2021-2024 95 Raphaël Varane
68%
2001-2003 75 Laurent Blanc
59%
2015-2017 47 Morgan Schneiderlin
53%
2004-2008 124 Louis Saha
43%
1999-2008 360 Mikaël Silvestre
43%
2009-2011 27 Gabriel Obertan
21%
2003-2006 40 David Bellion
10%
2024 10 Willy Kambwala
9%
1996 2 William Prunier
6%
Aucun quiz correspondant
Distribution des résultats
% des personnes avec chaque résultat
Percentile par nombre de réponses
Votre historique - résultats
Vous n’avez pas pris ce quiz depuis la dernière actualisation